000 00345nam a2200157Ia 4500
003 OSt
005 20240306103736.0
008 170523s9999 xx 000 0 und d
020 _a978-9352833283
040 _ciimtu meerut
100 _aGUPTA- AGARWAL
245 0 _aACCOUNTANCY
260 _bSULTAN CHAND CO
260 _c2002
942 _2ddc
_c02
999 _c985
_d985